Statistiken für Größte Städte Sachsens

Klicken Sie hier um das Quiz zu spielen!

Allgemein

  • Dieses Quiz wurde 33 mal gespielt
  • Das Durchschnittsergebnis liegt bei 6 aus 6

Antwortstatistiken

EinwohnerStadt% Korrekt
248.563Chemnitz
100%
563.311Dresden
100%
616.093Leipzig
100%
87.172Zwickau
91%
64.763Plauen
85%
56.574Görlitz
82%

Verteilung der Resultate

Perzentil nach korrekt beantworteten Fragen

Anzahl Personen mit jedem Resultat

Ihre Resultats-Entwicklung

Sie haben dieses Quiz noch nicht gespielt